00476nam a2200169Ia 4500001001000000003000500010008004100015010001100056040000900067082001600076245007800092260003200170300000900202440003000211650004500241700002000286Para_2770CHAP220125s1981 xx 000 0 und d a201228 cCHAP aPA 632.7 C7 aCRC handbook of pest management in agriculture /c ed. by David Pimentel aBoca Ratón, Fla. :b CRC a3 v. aCRC Series in agriculture aAgricultura x Plagas Control de plagas aPimentel, David